| 000 | 00477nam a2200181Ia 4500 | ||
|---|---|---|---|
| 001 | 23756 | ||
| 005 | 20260414150958.0 | ||
| 008 | 260414t2002||||xx |||||||||||||| ||spa|| | ||
| 041 | _aESP | ||
| 082 |
_a704.9482 _bG347 |
||
| 100 |
_aGisbert, Teresa _eAUT |
||
| 245 | 0 |
_aLa Virgen María en Bolivia : _bla dialéctica barroca en la representación de María |
|
| 260 | _c2002 | ||
| 300 |
_a7 hojas : _c29 cm. |
||
| 650 | _aABD | ||
| 654 | _aCAU | ||
| 942 |
_cLIB _dJUS _fJUS _2ddc _n |
||
| 999 |
_c23756 _d23756 |
||